00262 a2200121 450000100060000002000180000604000240002410000170004824000200006524500150008536200090010065000310010947471 a9788566642544 cAnchieta - Aquarius aOram, Hiawyn10aNo sotãolpor10aNo sotão0 a2017 4aLiteratura infanto-juvenil